<?xml version="1.0" encoding="UTF-8"?>
<collection xmlns="http://www.loc.gov/MARC21/slim">
 <record>
  <leader>00841nam a22001811  4500</leader>
  <controlfield tag="001">1/46136</controlfield>
  <controlfield tag="008">160217k19171919gr            000 0 gre d</controlfield>
  <datafield tag="035" ind1=" " ind2=" ">
   <subfield code="l">49110</subfield>
  </datafield>
  <datafield tag="040" ind1=" " ind2=" ">
   <subfield code="a">GR-PeUP</subfield>
  </datafield>
  <datafield tag="090" ind1=" " ind2=" ">
   <subfield code="a">387.5 ΕΛΛ</subfield>
  </datafield>
  <datafield tag="110" ind1="2" ind2=" ">
   <subfield code="a">Ελληνική Ναυτική Ένωση.</subfield>
  </datafield>
  <datafield tag="245" ind1="1" ind2="0">
   <subfield code="a">Δελτίον της Ελληνικής Ναυτικής Ενώσεως, τεύχη Β-Δ' /</subfield>
   <subfield code="c">[Ελληνική Ναυτική Ένωση].</subfield>
  </datafield>
  <datafield tag="260" ind1=" " ind2=" ">
   <subfield code="a">Εν Αθήναις :</subfield>
   <subfield code="b">Βασιλικόν Τυπογραφείον Νικ. Αθ. Χιώτη,</subfield>
   <subfield code="c">1917-1919.</subfield>
  </datafield>
  <datafield tag="300" ind1=" " ind2=" ">
   <subfield code="a">224, 214, 235 σ. :</subfield>
   <subfield code="b">εικ., πίν. ;</subfield>
   <subfield code="c">23 εκ.</subfield>
  </datafield>
  <datafield tag="500" ind1=" " ind2=" ">
   <subfield code="a">Περιέχει τα τεύχη Β', Γ' και Δ'.</subfield>
  </datafield>
  <datafield tag="650" ind1=" " ind2="4">
   <subfield code="a">Ναυτιλία.</subfield>
  </datafield>
  <datafield tag="650" ind1=" " ind2="4">
   <subfield code="a">Shipping.</subfield>
  </datafield>
  <datafield tag="852" ind1=" " ind2=" ">
   <subfield code="a">INST</subfield>
   <subfield code="b">UNIPILB</subfield>
   <subfield code="c">MAIN</subfield>
   <subfield code="e">20160223</subfield>
   <subfield code="h">387.5 ΕΛΛ</subfield>
   <subfield code="p">00173773</subfield>
   <subfield code="q">00173773</subfield>
   <subfield code="t">CLOCOL</subfield>
   <subfield code="y">23</subfield>
   <subfield code="4">1</subfield>
  </datafield>
 </record>
</collection>
